La reforma y la iglesia protestante de hoy: una visión más amplia y una contextualización /

Gorde:
Xehetasun bibliografikoak
Egile nagusia: Stam, Juan
Formatua: Texto
Etiketak: Etiketa erantsi
Etiketarik gabe, Izan zaitez lehena erregistro honi etiketa jartzen!

MARC

LEADER 00000 a a2200000 04500
001 45862
003
040
100 |a Stam, Juan  
245 |a La reforma y la iglesia protestante de hoy:   |b una visión más amplia y una contextualización /  |c Juan Stam  
773 |g número66 ( , 2012), páginas 4-8  
999 |c 28991  |d 28991